000 00508nam a2200181Ia 4500
005 20250508160952.0
008 008 250505s9999 xx 000 0 hin d
037 _aTextual
040 _aFEDL
_beng
_cFEDL
041 _ahin
_2eng
084 _a301.240 954, LAV
_qFEDL
100 _aLavaniya M. M.
_9769891
245 0 _aBhartiya samaj me samajik parivartan evam samssyaiin
300 _a271p
650 _aSociology
942 _cTEXL
_h301.240 954, LAV
999 _c1367677
_d1367677